Osnovy radioelektroniki : (Rekord nr 9076)
| 000 -LEADER | |
|---|---|
| fixed length control field | 00337 a2200097 4500 |
| 100 1# - MAIN ENTRY--PERSONAL NAME | |
| Personal name | Kugusev, A.M.. |
| Relator term | Autor |
| 245 0# - TITLE STATEMENT | |
| Title | Osnovy radioelektroniki : |
| Remainder of title | Linejnye elektromagnitnye processy / |
| Statement of responsibility, etc | Kugusev A.M., Golubeva N.S.. |
| 260 ## - PUBLICATION, DISTRIBUTION, ETC. (IMPRINT) | |
| Place of publication, distribution, etc | Moskva : |
| Name of publisher, distributor, etc | Energija, |
| Date of publication, distribution, etc | 1969. |
| 300 ## - PHYSICAL DESCRIPTION | |
| Extent | 880 s.; |
| Dimensions | 25 cm. |
| 700 1# - ADDED ENTRY--PERSONAL NAME | |
| Personal name | Golubeva, N.S.. |
| Relator term | Autor |
| 710 2# - ADDED ENTRY--CORPORATE NAME | |
| Corporate name or jurisdiction name as entry element | Energija. |
| Relator term | Wydawca |
| Relator code | pbl |
Brak dostępnych egzemplarzy.